[Event "Vignola Weekend-B 9th"]
[Site "Vignola"]
[Date "2010.11.14"]
[Round "4"]
[White "Cartegni, Aldo Jose"]
[Black "Frigieri, Simone"]
[Result "0-1"]
[WhiteElo "1395"]
[BlackElo "1461"]
[PlyCount "60"]
[EventDate "2010.11.12"]
[EventType "swiss"]
[EventRounds "5"]
[EventCountry "ITA"]
[SourceTitle "EXT 2024"]
[Source "ChessBase"]
[SourceDate "2023.10.10"]
[SourceVersion "1"]
[SourceVersionDate "2023.10.10"]
[SourceQuality "1"]

1. d4 d5 2. c4 c6 3. Nf3 Nf6 4. Nc3 Bg4 5. e3 e6 6. h3 Bh5 7. g4 Bg6 8. Nh4 Be4 9. f3 Bg6 10. Nxg6 hxg6 11. c5 Nbd7 12. Bd3 Qc7 13. f4 0-0-0 14. g5 Nh7 15. Qf3 f6 16. h4 Be7 17. Bxg6 Rdf8 18. Bxh7 Rxh7 19. g6 Rh6 20. h5 e5 21. f5 Re8 22. e4 Rhh8 23. exd5 exd4 24. d6 Bxd6+ 25. Ne4 Nxc5 26. Kd1 Nxe4 27. Kc2 Qd7 28. b3 d3+ 29. Kxd3 Be5+ 30. Kxe4 Qd4# 0-1